La colmena y la abeja melífera : un nuevo libro sobre apicultura, continuando con la tradición de Langstroth sobre la colmena y la abeja melífera /

Guardado en:
Autor Principal: Dadant, Charles C.
Formato: Libro
Idioma:Spanish
Publicado: Montevideo : Hemisferio Sur, c1975.
Etiquetas: Agregar Etiqueta
Sin Etiquetas, Sea el primero en etiquetar este registro!
LEADER 00614nam a22001335a 4500
001 EEA.libagro004591
005 20181109104619.0
008 130809s1975####uy a##########000#0#spa#d
082 0 4 |a 638.1 
100 1 |a Dadant, Charles C. 
245 1 3 |a La colmena y la abeja melífera :  |b un nuevo libro sobre apicultura, continuando con la tradición de Langstroth sobre la colmena y la abeja melífera /  |c editado por Dadant e hijos con la colaboración de un conjunto de especialistas. 
260 |a Montevideo :  |b Hemisferio Sur,  |c c1975. 
300 |a 936 p. :  |b il., fot. byn ;  |c 24 cm. 
859 |a AR-BbBCA  |b BIB. AGRONOMIA  |h 638.1  |i D121  |p 1992/1836